LEADER 01622nam0 22003853i 450 001 RML0107949 005 20231121125655.0 010 $a8882470687 100 $a20011012d2001 ||||0itac50 ba 101 | $aita 102 $ait 181 1$6z01$ai $bxxxe 182 1$6z01$an 200 1 $aOsservazioni sopra Metastasio$fAurelio Bertola de' Giorgi$ga cura di Gian Piero Maragoni 210 $aManziana$cVecchiarelli$d2001 215 $a75 p.$d21 cm. 225 | $a˜La œscena e l'ombra$v6$i. Nuova serie$v3 410 0$1001MIL0451494$12001 $a˜La œscena e l'ombra$i. Nuova serie$v3 606 $aMetastasio, Pietro$2FIR$3RMLC100818$9I 676 $a852.5$9Letteratura drammatica italiana. 1585-1748$v21 700 1$aBertola de' Giorgi$b, Aurelio$3CFIV042481$4070$0151794 702 1$aMaragoni$b, Gian Piero$3CFIV022741 790 0$aTicofilo Cimerio$3BA1V001281$zBertola de' Giorgi, Aurelio 790 1$aDe' Giorgi Bertola$b, Aurelio$3CFIV042485$zBertola de' Giorgi, Aurelio 790 1$aBertola$b, Aurelio$3CFIV189406$zBertola de' Giorgi, Aurelio 790 0$aBertola$c $3SBNV015340$zBertola de' Giorgi, Aurelio 801 3$aIT$bIT-01$c20011012 850 $aIT-RM0290 $aIT-FR0017 899 $aBIBLIOTECA ANGELICA$bRM0290 899 $aBiblioteca umanistica Giorgio Aprea$bFR0017 $eN 912 $aRML0107949 950 0$aBiblioteca umanistica Giorgio Aprea$d 52MAG 1/2102$e 52FLS0000287885 VMB RS $fA $h20181105$i20181105 977 $a 06$a 52 996 $aOsservazioni sopra Metastasio$9257035 997 $aUNICAS LEADER 01089nam0 22002771i 450 001 RML0256459 005 20231121125715.0 010 $a8814040001 100 $a20121121d1993 ||||0itac50 ba 101 | $aita 102 $ait 181 1$6z01$ai $bxxxe 182 1$6z01$an 200 1 $aTrasparenza e riequilibrio delle operazioni bancarie$eLa difficile transizione dal diritto della banca al diritto bancario$fAldo Maisano 210 $aMilano $cGiuffrè $d©1993 215 $aXX, 252 p.$d25 cm 606 $aDiritto bancario$2FIR$3RMLC318944$9I 700 1$aMaisano$b, Aldo$3RMLV165080$0230794 801 3$aIT$bIT-01$c20121121 850 $aIT-FR0098 899 $aBiblioteca Area Giuridico Economica$bFR0098 912 $aRML0256459 950 0$aBiblioteca Area Giuridico Economica$d 53DSG GIU02/020$e 53VM 0000273965 VM barcode:BAGE015433. - Inventario:7513. - Fondo:Sala consultazioneVM$fA $h20010423$i20121204 977 $a 53 996 $aTrasparenza e riequilibrio delle operazioni bancarie$9643574 997 $aUNICAS